Antimicrobial Effectiveness of Bacillus Subtilis Strain on Improvement of Quality and Safety of Fermented Soybean (Sieng )Produced in Cambodia,ប្រសិទ្ធភាពប្រឆាំងនិងអតសុខុមប្រាណនៃពូជបាក់តេរី Bacillus Subtilis លើការធ្វើនូវគុណភាពនិងសុវត្ថិភាពសណ្ដែកសៀងបន្ទុំ(សៀង)ផលិតផលនៅកម្ពុជា (Record no. 19686)
[ view plain ]
| 000 -LEADER | |
|---|---|
| fixed length control field | 00887nam a22001577a 4500 |
| 003 - CONTROL NUMBER IDENTIFIER | |
| control field | LRUA |
| 005 - DATE AND TIME OF LATEST TRANSACTION | |
| control field | 20210126145716.0 |
| 008 - FIXED-LENGTH DATA ELEMENTS--GENERAL INFORMATION | |
| fixed length control field | 210126b xxu||||| |||| 00| 0 eng d |
| 040 ## - CATALOGING SOURCE | |
| Transcribing agency | RUA |
| 082 ## - DEWEY DECIMAL CLASSIFICATION NUMBER | |
| Edition number | MNR EKS 2020 B674 Or. |
| 100 ## - MAIN ENTRY--PERSONAL NAME | |
| 9 (RLIN) | 14629 |
| Personal name | EK SOPHEAP, ឯក សុភាព |
| 245 ## - TITLE STATEMENT | |
| Title | Antimicrobial Effectiveness of Bacillus Subtilis Strain on Improvement of Quality and Safety of Fermented Soybean (Sieng )Produced in Cambodia,ប្រសិទ្ធភាពប្រឆាំងនិងអតសុខុមប្រាណនៃពូជបាក់តេរី Bacillus Subtilis លើការធ្វើនូវគុណភាពនិងសុវត្ថិភាពសណ្ដែកសៀងបន្ទុំ(សៀង)ផលិតផលនៅកម្ពុជា |
| 260 ## - PUBLICATION, DISTRIBUTION, ETC. (IMPRINT) | |
| Place of publication, distribution, etc. | phnom penh |
| Name of publisher, distributor, etc. | RUA |
| Date of publication, distribution, etc. | 2020 |
| 300 ## - PHYSICAL DESCRIPTION | |
| Extent | xiii,62p, |
| Other physical details | ill, |
| Dimensions | 29cm, |
| 942 ## - ADDED ENTRY ELEMENTS (KOHA) | |
| Source of classification or shelving scheme | |
| Koha item type | MNR |
No items available.